Formuła 1 - kalendarz na sezon 1954 - Statystyki

Ogólne statystyki
  • Ten quiz został rozwiązany 100 razy
  • Średni wynik to 8 z 9
Statystyki odpowiedzi
Runda Nazwa GP % Poprawnych
8 Grand Prix Włoch
97%
6 Grand Prix Niemiec
94%
4 Grand Prix Francji
90%
5 Grand Prix Wielkiej Brytanii
90%
2 Indianapolis 500
89%
3 Grand Prix Belgii
86%
9 Grand Prix Hiszpanii
83%
7 Grand Prix Szwajcarii
70%
1 Grand Prix Argentyny
64%
Nie znaleziono quizów pasujących do podanych kryteriów
Rozkład punktacji
Procent ludzi z każdym wynikiem
Percentyl według liczby udzielonych odpowiedzi
Twoja historia wyników
Nie rozwiązałeś tego quizu